Language and social relations / (Record no. 2010)
[ view plain ]
| 000 -LEADER | |
|---|---|
| fixed length control field | 00753nac a22001931u 4500 |
| 020 ## - INTERNATIONAL STANDARD BOOK NUMBER | |
| International Standard Book Number | 0521576857 |
| 082 ## - DEWEY DECIMAL CLASSIFICATION NUMBER | |
| Classification number | 306.44 |
| Item number | A266 |
| 090 ## - LOCALLY ASSIGNED LC-TYPE CALL NUMBER (OCLC); LOCAL CALL NUMBER (OCLC) | |
| -- | 2010 |
| -- | 2010 |
| 100 ## - MAIN ENTRY--PERSONAL NAME | |
| Personal name | AGHA, ASIF |
| 245 ## - TITLE STATEMENT | |
| Title | Language and social relations / |
| Statement of responsibility, etc | Asif Agha |
| 260 ## - PUBLICATION, DISTRIBUTION, ETC. (IMPRINT) | |
| Place of publication, distribution, etc | Cambridge: |
| Name of publisher, distributor, etc | Cambridge University Press,2007. |
| Date of publication, distribution, etc | 2007 |
| 300 ## - PHYSICAL DESCRIPTION | |
| Extent | 427 p.; |
| Dimensions | 24 cm. |
| 440 ## - | |
| -- | Studies in the Social and Cultural Foundations of Language |
| -- | v.24 |
| 504 ## - BIBLIOGRAPHY, ETC. NOTE | |
| Bibliography, etc | Includes bibliographical references (p. 408-418) and index |
| 650 ## - SUBJECT ADDED ENTRY--TOPICAL TERM | |
| Topical term or geographic name as entry element | Sociolinguistics |
| 650 ## - SUBJECT ADDED ENTRY--TOPICAL TERM | |
| Topical term or geographic name as entry element | Interpersonal communication |
| 942 ## - ADDED ENTRY ELEMENTS (KOHA) | |
| Item type | Book - Borrowing |
| Call number prefix | 306.44A266 |
| Withdrawn status | Item status | Damaged status | Not for loan | Home library | Current library | Shelving location | Date acquired | Source of acquisition | Total Checkouts | Full call number | Barcode | Date last seen | Cost, replacement price | Koha item type |
|---|---|---|---|---|---|---|---|---|---|---|---|---|---|---|
| Central Library | Central Library | First floor | 12/04/2007 | Purchase | 306.44 AGH | 000002301 | 15/07/2025 | 209.00 | Book - Borrowing |